Return spillovers around the globe: a network approach
Gespeichert in:
| 1. Verfasser: | |
|---|---|
| Körperschaft: | |
| Weitere Verfasser: | , |
| Format: | Buch |
| Sprache: | Englisch |
| Veröffentlicht: |
Ithaca
2015
|
| Ausgabe: | 1st ed. |
| Schlagworte: | |
| Tags: |
Keine Tags, Fügen Sie das erste Tag hinzu!
|
MARC
| LEADER | 00000nam a2200000 4500 | ||
|---|---|---|---|
| 001 | 0211981 | ||
| 005 | 20240715071836.1 | ||
| 041 | 0 | |a eng | |
| 044 | |a US | ||
| 245 | 1 | 0 | |a Return spillovers around the globe: a network approach |c Štefan Lyócsa, Tomáš Výrost, Eduard Baumöhl |
| 250 | |a 1st ed. | ||
| 264 | 1 | |a Ithaca |c 2015 | |
| 300 | |a [35 NS] | ||
| 610 | 2 | 0 | |a indexy akciové |
| 610 | 2 | 0 | |a volatilita |
| 610 | 2 | 0 | |a trh akciový |
| 610 | 2 | 0 | |a siete dátové |
| 610 | 2 | 0 | |a kurz výmenný |
| 610 | 2 | 0 | |a modely |
| 610 | 2 | 0 | |a modelovanie |
| 100 | 1 | |a Lyócsa, Štefan, 1982- | |
| 700 | 1 | |a Výrost, Tomáš, 1978- | |
| 700 | 1 | |a Baumöhl, Eduard, 1982- | |
| 710 | 2 | |a Cornell University Library | |